000 00652nam a22001937a 4500
005 2011070103493.0
020 _a8182636949
_c15.00
020 _a9788182636941
_c15.00
037 _aDPL
_bBlue Berry
082 _aS
100 _aVinita Krishna
_929103
245 _aAaloo-Maaloo-Kaaloo /
_cby Vinita Krishna; illustrated by Suvidha Mistry; translated by Ritu Singh
250 _a3rd
260 _aNew Delhi
_bPratham Books
_c2010
270 _a633-634,4th "C" Main,6th 'B' Cross, OMBR Layout Banaswadi,
_bBangalore
_e560043
_k911141042483 (New Delhi)
300 _a8p.
_bill.
_c17 cm.(pbk)
942 _2ddc
_cCH
_hS
_mVIN
999 _c53503
_d53503